[Event "Polva op 29th"]
[Site "Polva"]
[Date "2008.08.16"]
[Round "4"]
[White "Nassar, Askold"]
[Black "Kunitsin, Nikolai"]
[Result "0-1"]
[WhiteElo "1961"]
[BlackElo "2187"]
[PlyCount "60"]
[EventDate "2008.08.15"]
[EventType "swiss"]
[EventRounds "7"]
[EventCountry "EST"]
[SourceTitle "EXT 2009"]
[Source "ChessBase"]
[SourceDate "2008.11.26"]
[SourceVersion "1"]
[SourceVersionDate "2008.11.26"]
[SourceQuality "1"]

1. d4 d5 2. Nf3 Nf6 3. c4 c6 4. Nc3 e6 5. cxd5 exd5 6. Bg5 Bd6 7. e3 0-0 8. h3 h6 9. Bxf6 Qxf6 10. Bd3 Re8 11. Qe2 Bf5 12. Bxf5 Qxf5 13. 0-0 Nd7 14. a3 a5 15. a4 Nf6 16. Rfc1 Re7 17. Qc2 Qh5 18. Kf1 Rf8 19. Ng1 g5 20. Qf5 Ne8 21. g4 Qg6 22. Qxg6+ fxg6 23. Kg2 h5 24. Nd1 Rh7 25. Nf3 hxg4 26. hxg4 Nf6 27. Rc2 Nxg4 28. Nxg5 Rh2+ 29. Kf1 Nxe3+ 30. Nxe3 Rh1+ 0-1

[Event "Polva op 29th"]
[Site "Polva"]
[Date "2008.08.15"]
[Round "2"]
[White "Ots, Heikki"]
[Black "Kunitsin, Nikolai"]
[Result "0-1"]
[WhiteElo "1962"]
[BlackElo "2187"]
[PlyCount "70"]
[EventDate "2008.08.15"]
[EventType "swiss"]
[EventRounds "7"]
[EventCountry "EST"]
[SourceTitle "EXT 2009"]
[Source "ChessBase"]
[SourceDate "2008.11.26"]
[SourceVersion "1"]
[SourceVersionDate "2008.11.26"]
[SourceQuality "1"]

1. e4 e6 2. d4 d5 3. Bd3 dxe4 4. Bxe4 Nf6 5. Bg5 c5 6. Nf3 cxd4 7. Bxf6 Qxf6 8. Qxd4 Nd7 9. Qxf6 Nxf6 10. Nbd2 Nxe4 11. Nxe4 b6 12. 0-0-0 Bb7 13. Rhe1 Rd8 14. Rxd8+ Kxd8 15. Nfg5 Ke7 16. Rd1 f6 17. Nd6 Ba6 18. Ngf7 Rg8 19. c4 g6 20. a3 Bg7 21. b3 e5 22. f3 Ke6 23. g4 Rb8 24. a4 Bf8 25. Kc2 Be7 26. h4 h5 27. Rd5 Rf8 28. g5 Bxd6 29. Nxd6 fxg5 30. Ne4 gxh4 31. Rd6+ Kf5 32. Rd7 h3 33. Nf2 h2 34. Rxa7 Kf4 35. Nh1 Kxf3 0-1

[Event "EST-chT 22nd"]
[Site "Estonia"]
[Date "2007.01.14"]
[Round "4"]
[White "Garber, Vjatseslav"]
[Black "Kunitsin, Nikolai"]
[Result "0-1"]
[WhiteElo "2157"]
[BlackElo "2104"]
[PlyCount "144"]
[EventDate "2007.01.13"]
[EventType "team"]
[EventRounds "6"]
[EventCountry "EST"]
[SourceTitle "EXT 2009"]
[Source "ChessBase"]
[SourceDate "2008.11.26"]
[SourceVersion "1"]
[SourceVersionDate "2008.11.26"]
[SourceQuality "1"]

1. d4 d5 2. c4 c6 3. Nc3 Nf6 4. Nf3 a6 5. a4 e6 6. c5 b6 7. cxb6 Qxb6 8. a5 Qc7 9. Bd2 c5 10. dxc5 Bxc5 11. e3 Nbd7 12. Rc1 Qa7 13. Na4 Bd6 14. Nd4 Ne4 15. Nc6 Qb7 16. f3 Nxd2 17. Qxd2 0-0 18. Bd3 Nb8 19. Nd4 Bb4 20. Nc3 Bxa5 21. 0-0 Nd7 22. Ra1 Bb6 23. Na4 Ba7 24. b4 Ne5 25. Nc5 Qe7 26. Rfc1 Nxd3 27. Qxd3 Bb7 28. Ndb3 Bc8 29. Na5 Qd6 30. Nab3 Rb8 31. Ra4 Qb6 32. Rca1 Rd8 33. Kf2 Qd6 34. Nxa6 Bxa6 35. Rxa6 Bb6 36. Nd4 Rdc8 37. b5 Qxh2 38. Nc6 Bc7 39. f4 Qh4+ 40. Kg1 Rb6 41. Ra8 Bb8 42. Qa3 Re8 43. Qa5 Rb7 44. Qa6 Rc7 45. Qb6 Qf6 46. R1a3 Rcc8 47. Rxb8 Rxb8 48. Nxb8 Qb2 49. Qd6 Qxb5 50. Nc6 Qe2 51. Ne7+ Kh8 52. Kh2 Qh5+ 53. Kg1 Qd1+ 54. Kh2 h6 55. e4 Qe1 56. exd5 Qh4+ 57. Rh3 Qxe7 58. Qxe7 Rxe7 59. d6 Rd7 60. Rd3 f5 61. Kg3 Kg8 62. Kf3 Kf7 63. g4 Kf6 64. Rd4 e5 65. Rd5 fxg4+ 66. Kxg4 exf4 67. Rf5+ Ke6 68. Rxf4 Rxd6 69. Kh5 Rd5+ 70. Kg6 Rg5+ 71. Kh7 h5 72. Rf1 Rg4 0-1